Creative Strategy in Advertising (Record no. 19)

MARC details
000 -LEADER
fixed length control field 00391nam a2200157Ia 4500
008 - FIXED-LENGTH DATA ELEMENTS--GENERAL INFORMATION
fixed length control field 230312s9999||||xx |||||||||||||| ||und||
020 ## - INTERNATIONAL STANDARD BOOK NUMBER
International Standard Book Number 053455783X
082 ## - DEWEY DECIMAL CLASSIFICATION NUMBER
Classification number 659.132
Item number JEW-C
100 ## - MAIN ENTRY--PERSONAL NAME
Personal name Jewler, A. Jerome
245 #0 - TITLE STATEMENT
Title Creative Strategy in Advertising
260 ## - PUBLICATION, DISTRIBUTION, ETC.
Place of publication, distribution, etc. India
Date of publication, distribution, etc. 207
300 ## - PHYSICAL DESCRIPTION
Extent 312
546 ## - LANGUAGE NOTE
Language note Eng.
650 ## - SUBJECT ADDED ENTRY--TOPICAL TERM
Topical term or geographic name entry element Management
Form subdivision Creative Strategy in Advertising
942 ## - ADDED ENTRY ELEMENTS (KOHA)
Koha item type BOOK
Holdings
Withdrawn status Lost status Damaged status Not for loan Home library Current library Date acquired Total Checkouts Full call number Barcode Date last seen Price effective from Koha item type
        Superior Information Resource Center (SIRC) Superior University- Central Library Superior Information Resource Center (SIRC) Superior University- Central Library 03/13/2023   659.132 JEW-C 18 03/13/2023 03/13/2023 BOOK

Powered by Koha